|
|
|
|
| LEADER |
00000cam a2200000 7i4500 |
| 001 |
0000029178 |
| 005 |
20241126.0 |
| 008 |
210419 my o may |
| 020 |
|
|
|a 9789675472435
|
| 040 |
|
|
|a INS
|b eng
|e rda
|
| 090 |
0 |
0 |
|a HN90.V64
|b M63 2019
|
| 245 |
0 |
0 |
|a MODUL SUKARELAWAN INSTITUT SOSIAL MALAYSIA
|
| 264 |
|
1 |
|a Kuala Lumpur :
|b INSTITUT SOSIAL MALAYSIA (ISM)
|c 2019
|
| 264 |
|
4 |
|c ©2019
|
| 300 |
|
|
|a 145 pages :
|b colour photographs ;
|c 21 cm.
|
| 336 |
|
|
|a text
|2 rdacontent
|
| 337 |
|
|
|a unmediated
|2 rdamedia
|
| 338 |
|
|
|a volume
|2 rdacarrier
|
| 650 |
|
0 |
|a Voluntarism
|
| 650 |
|
0 |
|a Volunteers
|x Management
|
| 650 |
2 |
0 |
|a Government publications
|z Malaysia
|
| 999 |
|
|
|a 0000011145
|b BOOK
|c Open Shelf
|e Default branch
|